| 000 | 00524nam a2200193Ia 4500 | ||
|---|---|---|---|
| 003 | LDD | ||
| 008 | 181029s9999 xx 000 0 und d | ||
| 020 |
_a9781138292925 _c1995.00 |
||
| 040 | _cLDD | ||
| 100 | _aMorgan, Sue | ||
| 245 | 0 |
_aFeminist history reader _cSue Morgan |
|
| 260 |
_aLondon _bRoutledge _c2006 |
||
| 300 | _axii, 417 | ||
| 365 | _b1995.00 | ||
| 901 |
_a16430 _b03-10-2017 |
||
| 902 |
_a38 _b11-10-2017 _cF _dVB _e95 |
||
| 903 |
_aDiscount-20 _bReqst by : A. R. Khan |
||
| 942 |
_2ddc _cBK |
||
| 999 |
_c123625 _d123625 |
||